00423nam a2200109Ia 4500008004100000050002800041100002300069245008000092260008600172300002800258521002700286140724s9999 xx 000 0 und d aQA 76.9.S88b.R457 2010 aReyes, Leon Delos. aComputerized Inventory system for Putigre Rice Supply /cLeon delos Reyes . aLas Piñas, Philippines :bSouthville International School and Colleges,cc2010. a37 p. :bill. ;c28 cm. aInformation Technology